000 00614cam a22002293a 4500
001 11608
003 PGUSA
005 20140828083238.0
008 040301s2004||||xxu|||||s|||||000 | eng d
040 _aPGUSA
_beng
042 _adc
050 4 _aHQ
100 1 _aBell, Lilian,
_d1867-1929
245 1 0 _aFrom a Girl's Point of View
_h[electronic resource] /
_cLilian Bell
260 _bProject Gutenberg,
_c2004
506 _aPublic domain in the USA.
516 _aElectronic text
653 _aWomen
830 0 _aProject Gutenberg
_v11608
856 4 0 _uhttp://www.gutenberg.org/ebooks/11608
942 _cEB
999 _c240863
_d240863